| 000 -LEADER |
| fixed length control field |
00745cam a2200229 a 4500 |
| 001 - CONTROL NUMBER |
| control field |
3944743 |
| 005 - DATE AND TIME OF LATEST TRANSACTION |
| control field |
20180228040022.0 |
| 008 - FIXED-LENGTH DATA ELEMENTS--GENERAL INFORMATION |
| fixed length control field |
931221s1994 nyua f 001 0 eng |
| 010 ## - LIBRARY OF CONGRESS CONTROL NUMBER |
| LC control number |
93050130 |
| 020 ## - INTERNATIONAL STANDARD BOOK NUMBER |
| International Standard Book Number |
0385472560 : |
| Terms of availability |
$29.95 ($38.95 Can.) |
| 040 ## - CATALOGING SOURCE |
| Original cataloging agency |
DLC |
| Transcribing agency |
DLC |
| Modifying agency |
DLC |
| 041 ## - LANGUAGE CODE |
| Language code of text/sound track or separate title |
eng |
| 080 ## - UNIVERSAL DECIMAL CLASSIFICATION NUMBER |
| Universal Decimal Classification number |
658.402 RIC |
| 082 00 - DEWEY DECIMAL CLASSIFICATION NUMBER |
| Classification number |
658.402 RIC |
| Edition number |
20 |
| 100 ## - Rafti |
| Rafti |
54 |
| 101 ## - Shkurtesa |
| Shkurtesa |
MAN |
| 245 04 - TITLE STATEMENT |
| Title |
The Fifth discipline fieldbook : |
| Statement of responsibility, etc |
Peter M. Senge ... [et al.]. |
| 740 0# - ADDED ENTRY--UNCONTROLLED RELATED/ANALYTICAL TITLE |
| Uncontrolled related/analytical title |
Learning organization. |
| 906 ## - LOCAL DATA ELEMENT F, LDF (RLIN) |
| a |
7 |
| b |
cbc |
| c |
orignew |
| d |
1 |
| e |
ocip |
| f |
19 |
| g |
y-gencatlg |
| 942 ## - ADDED ENTRY ELEMENTS (KOHA) |
| Source of classification or shelving scheme |
|
| Item type |
Books |